000 00533nam a2200181Ia 4500
003 GCL
008 140319s9999 xx 000 0 ara d
040 _aGCL /
_cGCL
082 0 4 _a813.088
_bغ م
100 1 _aغنيم عبده
245 1 0 _aمن طفولة النبى وعظماء الاسلام /
_cغنيم عبده
700 1 _aهبة عنايت
490 _aكتب الهلال للاولاد والبنات
_v0
650 0 4 _aالاطفال
650 0 4 _aالقصص
650 0 4 _aقصص الاطفال
942 _2ddc
_cBK
999 _c42251
_d42251